000 00308nam a2200121Ia 4500
008 191201s2009 xx 000 0 und d
100 _aAGRAWAL, Rajneesh
245 0 _aComputer networks and intenet MBA 2.42 DE SEM-4
260 _aN. delhi
_bVikas Pub
_c2009
300 _a287
650 _aMBA
942 _2ddc
_cBK
999 _c250
_d250